<?xml version="1.0" encoding="UTF-8"?><?xml-stylesheet type="text/xsl" href="static/style.xsl"?><OAI-PMH xmlns="http://www.openarchives.org/OAI/2.0/" xmlns:xsi="http://www.w3.org/2001/XMLSchema-instance" xsi:schemaLocation="http://www.openarchives.org/OAI/2.0/ http://www.openarchives.org/OAI/2.0/OAI-PMH.xsd"><responseDate>2026-06-06T02:46:16Z</responseDate><request verb="GetRecord" identifier="oai:riuma.uma.es:10630/36190" metadataPrefix="marc">https://riuma.uma.es/rest/oai/request</request><GetRecord><record><header><identifier>oai:riuma.uma.es:10630/36190</identifier><datestamp>2026-02-03T11:00:47Z</datestamp><setSpec>com_10630_2254</setSpec><setSpec>col_10630_37953</setSpec></header><metadata><record xmlns="http://www.loc.gov/MARC21/slim" xmlns:dcterms="http://purl.org/dc/terms/" xmlns:doc="http://www.lyncode.com/xoai" xmlns:xsi="http://www.w3.org/2001/XMLSchema-instance" xsi:schemaLocation="http://www.loc.gov/MARC21/slim http://www.loc.gov/standards/marcxml/schema/MARC21slim.xsd">
   <leader>00925njm 22002777a 4500</leader>
   <datafield ind2=" " ind1=" " tag="042">
      <subfield code="a">dc</subfield>
   </datafield>
   <datafield ind2=" " ind1=" " tag="720">
      <subfield code="a">Infante, Sergio</subfield>
      <subfield code="e">author</subfield>
   </datafield>
   <datafield ind2=" " ind1=" " tag="720">
      <subfield code="a">Robles, Julia</subfield>
      <subfield code="e">author</subfield>
   </datafield>
   <datafield ind2=" " ind1=" " tag="720">
      <subfield code="a">Martín-Fernández, Cristian</subfield>
      <subfield code="e">author</subfield>
   </datafield>
   <datafield ind2=" " ind1=" " tag="720">
      <subfield code="a">Rubio-Muñoz, Bartolomé</subfield>
      <subfield code="e">author</subfield>
   </datafield>
   <datafield ind2=" " ind1=" " tag="720">
      <subfield code="a">Díaz-Rodríguez, Manuel</subfield>
      <subfield code="e">author</subfield>
   </datafield>
   <datafield ind2=" " ind1=" " tag="260">
      <subfield code="c">2025-03</subfield>
   </datafield>
   <datafield ind2=" " ind1=" " tag="520">
      <subfield code="a">With the continuous evolution of digital twins, the requirements of interconnection and interoperability have led to the creation of the term Distributed Digital Twin, where commonly, different components of the same digital twin operate on different devices. This article addresses this new gap in the field by combining Digital Twins and Distributed systems technologies and introduces a re-definition of the architecture of OpenTwins, an open-source platform designed to develop generic next-gen 3D-IoT-AI-powered digital twins. This approach enables the distribution of digital twins across different infrastructures by seamlessly integrating multiple instances of OpenTwins working together. Distributing Digital Twins across networks and devices can offer dynamic and collaborative simulations, artificial intelligence techniques, yet poses synchronization and scalability challenges. The platform re-definition involves the definition of a lightweight, synchronized, and distributed version of the original OpenTwins architecture to tackle these issues. As the field of digital twins is closely linked to the Internet of Things environment and Industry 4.0, this architecture has been designed to be compatible in IoT devices, being compatible with ARM architectures, consuming fewer resources than the original platform as it has fewer components, thus reducing the number of messages and the bandwidth consumed.</subfield>
   </datafield>
   <datafield ind1="8" ind2=" " tag="024">
      <subfield code="a">Infante, S., Robles, J., Martín, C., Rubio, B., &amp; Díaz, M. (2025). Distributed digital twins on the open-source OpenTwins framework. Advanced Engineering Informatics, 64, 102970-. https://doi.org/10.1016/j.aei.2024.102970</subfield>
   </datafield>
   <datafield ind1="8" ind2=" " tag="024">
      <subfield code="a">https://hdl.handle.net/10630/36190</subfield>
   </datafield>
   <datafield ind1="8" ind2=" " tag="024">
      <subfield code="a">10.1016/j.aei.2024.102970</subfield>
   </datafield>
   <datafield tag="653" ind2=" " ind1=" ">
      <subfield code="a">Internet de las cosas</subfield>
   </datafield>
   <datafield tag="653" ind2=" " ind1=" ">
      <subfield code="a">Sistemas operativos distribuidos</subfield>
   </datafield>
   <datafield tag="653" ind2=" " ind1=" ">
      <subfield code="a">Soporte lógico libre</subfield>
   </datafield>
   <datafield ind2="0" ind1="0" tag="245">
      <subfield code="a">Distributed digital twins on the open-source OpenTwins framework</subfield>
   </datafield>
</record>
</metadata></record></GetRecord></OAI-PMH>